La peinture: siglo XVII et XVIII siècles
Guardat en:
| Autor principal: | |
|---|---|
| Format: | Llibre |
| Idioma: | francès |
| Publicat: |
París
Librairie Renouard
1913
|
| Col·lecció: | Manuels D'histoire de L'art
|
| Matèries: | |
| Etiquetes: |
Afegir etiqueta
Sense etiquetes, Sigues el primer a etiquetar aquest registre!
|
MARC
| LEADER | 00000nam a2200000 a 4500 | ||
|---|---|---|---|
| 001 | UCT3730 | ||
| 003 | CL-VaPUC | ||
| 008 | 961024e19130000FR |||||||||||||||||fre|d | ||
| 082 | 0 | 4 | |a 750 |b GIL |2 21 |
| 100 | |a Gillet, Louis |e author |9 577400 | ||
| 245 | 1 | 3 | |a La peinture: siglo XVII et XVIII siècles |
| 300 | |a 508 p | ||
| 942 | |c BK | ||
| 945 | |d 19961024 00:00:00 |a nastorga | ||
| 260 | |a París |b Librairie Renouard |c 1913 | ||
| 650 | 0 | |a Pintura italiana |9 265293 | |
| 650 | 0 | |a Pintura flamenca |9 319201 | |
| 650 | 0 | |a Pintura holandesa |9 267860 | |
| 650 | 0 | |a Pintura española |9 315217 | |
| 650 | 0 | |a Pintura francesa |9 266122 | |
| 650 | 7 | |a HISTORIA DEL ARTE SIGLO 17 |2 CL-VaPUC |9 345294 | |
| 650 | 7 | |a HISTORIA DEL ARTE SIGLO 18 |2 CL-VaPUC |9 372737 | |
| 650 | 0 | |a Naturalismo |9 346334 | |
| 583 | |a last modification |c 20160810 05:27:39 |k Rodrigo Vera | ||
| 490 | 0 | |a Manuels D'histoire de L'art | |
| 999 | |c 253284 |d 253282 | ||
| 952 | |0 0 |1 0 |4 0 |6 750_000000000000000_GIL_1913 |7 0 |8 A |9 273956 |a BIBART |b BIBART |d 2019-11-19 |i 3245799 |l 2 |o 750 GIL 1913 |p 3245799 |r 2025-03-13 |s 2022-11-08 |w 2019-11-19 |y BK |k ART | ||